000 00677nam a22002297a 4500
005 20170124110026.0
010 _aB-099854
020 _c00.00
_a8177642758
035 _aB-099854
037 _bCen Lib/Ret
040 _aDPL
_bEN
082 _a511
_bNAN
100 _aNanda, S.
_920765
245 _aDiscrete mathematics /
_cby S.Nanda
260 _bAllied Publishers
_aNew Delhi
_c2002
270 _a1-13/14, Asaf Ali Road
_bNew Delhi
_e110002
300 _axii,309p. :
_c22(Hb)
_bill.
500 _aIncludes bibliographical references and index
650 _aMathematical logic.
_920766
650 _aMathematics.
_98937
942 _2ddc
_cEN
_h511
_mNAN
999 _c127535
_d127535